Riesci a nominare 16 giocatori della Juventus? - Principiante - Statistics

Statistiche generali
  • Questo quiz è stato fatto 246 volte
  • Il punteggio medio è 15 su 16
Statistiche sulle risposte
con Immagini Risposta % Corretto
Gianluigi Buffon
100%
Giorgio Chiellini
100%
Leonardo Bonucci
100%
Paulo Dybala
100%
Alessandro Del Piero
99%
Federico Chiesa
99%
Paul Pogba
99%
Claudio Marchisio
97%
Dusan Vlahovic
97%
Gonzalo Higuain
97%
Andrea Pirlo
96%
Pavel Nedved
95%
Carlos Tevez
93%
Zinedine Zidane
93%
Andrea Barzagli
92%
David Trezeguet
85%
Nessun quiz corrispondente trovato
Distribuzione punteggi
Percentuale di utenti per punteggio
Percentile per numero di risposta
I tuoi punteggi nel tempo
Non hai fatto questo quiz